000 00405 a2200133 4500
245 _aAIDS, NGOs, and globalisation
_hprint
020 _a9788183702409
650 _aAIDS
005 20191021095031.0
260 _aii
_bAkansha Pub. House
_c2010
084 _aRA643.86.I42 W4888 2010
300 _axxix, 458 p. : ill., map
_b 23 cm.
_cxxix, 458 p. : ill., map ; 23 cm.
500 _aTarun Bikash Sukai.
999 _c11733
_d11733